Giáo trình lập trình Web với ASP.NET
Đã lưu trong:
| Údar Corparáideach: | |
|---|---|
| Formáid: | CD |
| Teanga: | Vietnamese |
| Foilsithe: |
Tp. Hồ Chí Minh :
Giao thông Vận tải,
2008
|
| Clibeanna: |
Cuir Clib Leis
Gan Chlibeanna, Bí ar an gcéad duine leis an taifead seo a chlibeáil!
|
| Thư viện lưu trữ: | Thư viện Trường Đại học Đà Lạt |
|---|
| LEADER | 00748nam a2200265 4500 | ||
|---|---|---|---|
| 001 | DLU080000088 | ||
| 005 | ##20081226 | ||
| 040 | # | # | |a DLU |b vie |
| 041 | # | # | |a vie |
| 044 | # | # | |a vn |
| 082 | # | # | |a 005.72 |b NHO |
| 110 | # | # | |a Nhóm phát triển phần mềm sinh viên học sinh. |
| 245 | # | # | |a Giáo trình lập trình Web với ASP.NET |h [Đĩa CD-ROM] / |c Nhóm phát triển phần mềm sinh viên học sinh. |
| 256 | # | # | |a 4 3/4 in. |
| 260 | # | # | |a Tp. Hồ Chí Minh : |b Giao thông Vận tải, |c 2008 |
| 300 | # | # | |a 1 đĩa CD-ROM ; |c 4 3/4 in. |
| 992 | # | # | |a 28000 |
| 994 | # | # | |a DLU |
| 900 | # | # | |a True |
| 911 | # | # | |a Nguyễn Thanh Hương |
| 925 | # | # | |a CD |
| 926 | # | # | |a A |
| 927 | # | # | |a CD |
| 980 | # | # | |a Thư viện Trường Đại học Đà Lạt |